000 02098cam a2200457 a 4500
999 _c529714
_d529714
001 2618617
003 NUST
005 20191002101132.0
008 981005s1998 dcu b f000 0 eng c
010 _a 98067631
020 _a0309068177
_c$23.00
035 _a(OCoLC)40199294
038 _aMSOHAIL
040 _aCU-IT
_cCU-IT
_dNmU
_dDLC
042 _apcc
043 _an-us---
050 0 4 _aTE195
_b.S65 1998
082 _a0
100 1 _aSmith, Gary R.
_q(Gary Roderick),
_d1953-
_922297
245 1 0 _aState DOT management techniques for materials and construction acceptance /
_cGary R. Smith.
246 3 _aState Department of Transportation management techniques for materials and construction acceptance
260 _aWashington, D.C. :
_bNational Academy Press,
_c1998.
300 _a51 p. ;
_c28 cm.
440 0 _aSynthesis of highway practice ;
_v263
_922298
500 _aAt head of title: National Cooperative Highway Research Program
500 _a"Transportation Research Board, National Research Council."
500 _a"Research sponsored by the American Association of State Highway and Transportation Officials in cooperation with the Federal Highway Administration."
504 _aIncludes bibliographical references (p. 30).
650 0 _aHighway departments
_zUnited States
_xManagement.
_921609
650 0 _aRoads
_zUnited States
_xDesign and construction
_xQuality control.
_922299
650 0 _aRoad materials
_zUnited States
_xTesting.
_922300
650 0 _aRoads
_xInspection
_zUnited States.
_922301
710 2 _aNational Cooperative Highway Research Program.
_920864
710 2 _aNational Research Council (U.S.).
_bTransportation Research Board.
_922302
710 2 _aAmerican Association of State Highway and Transportation Officials.
_919553
710 1 _aUnited States.
_bFederal Highway Administration.
_920149
906 _a7
_bcbc
_cpccadap
_d2
_eopcn
_f19
_gy-gencatlg
942 _2ddc
_cBK